Tratamiento contable en la actividad ovilícola (Registro nro. 9488)

Detalles MARC
000 -LEADER
fixed length control field 00369 a2200121 4500
001 - CONTROL NUMBER
control field ART_9370
005 - DATE AND TIME OF LATEST TRANSACTION
control field 20260410161558.0
008 - FIXED-LENGTH DATA ELEMENTS--GENERAL INFORMATION
fixed length control field 260409a
100 1# - MAIN ENTRY--PERSONAL NAME
Personal name Simaro, Gustavo
245 10 - TITLE STATEMENT
Title Tratamiento contable en la actividad ovilícola
700 1# - ADDED ENTRY--PERSONAL NAME
Personal name Torchelli, Valeria
773 0# - HOST ITEM ENTRY
Title Profesional & Empresaria
Related parts - Año XIII, Nº 151 (abr. 2012)
Record control number REV70

No hay ítems disponibles.